Physics and chemistry of the upper atmosphere (Record no. 53600)

MARC details
000 -LEADER
fixed length control field 00616nam a2200181 a 4500
008 - FIXED-LENGTH DATA ELEMENTS--GENERAL INFORMATION
fixed length control field 120416s1989 ||||||||||||||||| || u
020 ## - INTERNATIONAL STANDARD BOOK NUMBER
International Standard Book Number 0521368480
050 ## - LIBRARY OF CONGRESS CALL NUMBER
Classification number QC 879 Ree
100 ## - MAIN ENTRY--PERSONAL NAME
Personal name Rees, M. H
245 10 - TITLE STATEMENT
Title Physics and chemistry of the upper atmosphere
260 ## - PUBLICATION, DISTRIBUTION, ETC.
Place of publication, distribution, etc. Cambridge
Name of publisher, distributor, etc. CUP
Date of publication, distribution, etc. 1989
300 ## - PHYSICAL DESCRIPTION
Extent ix, 289p. : ill.
350 ## - PRICE (NR) (BK AM CF MU VM SE) [OBSOLETE]
Price 0.00
650 ## - SUBJECT ADDED ENTRY--TOPICAL TERM
Topical term or geographic name entry element ATMOSPHERIC PHYSICS
650 ## - SUBJECT ADDED ENTRY--TOPICAL TERM
Topical term or geographic name entry element TEXTBOOKS
650 #0 - SUBJECT ADDED ENTRY--TOPICAL TERM
Topical term or geographic name entry element CHEMISTRY--HANDBOOKS, MANUALS, ETC
995 ## - RECOMMENDATION 995 [LOCAL, UNIMARC FRANCE]
-- 0.00
-- CBU-MAIN LIBRARY (Kitwe)
-- 1
-- 0.00
-- 1
-- AVAILABLE
-- Main Library Open Access Collection
Holdings
Withdrawn status Lost status Source of classification or shelving scheme Damaged status Not for loan Home library Current library Shelving location Date acquired Total Checkouts Full call number Barcode Date last seen Price effective from Koha item type
          CBU-MAIN LIBRARY, KITWE. CBU-MAIN LIBRARY, KITWE.   11/30/2022   QC 879 Ree 020993 11/30/2022 11/30/2022 MONOGRAPH